| 000 | 01489nam a2200337Ia 4500 | ||
|---|---|---|---|
| 001 | ebr10667651 | ||
| 003 | CaPaEBR | ||
| 006 | m u | ||
| 007 | cr cn||||||||| | ||
| 008 | 130401s2013 ne a sb 101 0 eng d | ||
| 020 | _z9781614992097 | ||
| 020 | _z9781614992080 | ||
| 040 |
_aCaPaEBR _cCaPaEBR |
||
| 035 | _a(OCoLC)828559297 | ||
| 050 | 1 | 4 |
_aR859.7.C67 _bM43 2013eb |
| 245 | 0 | 0 |
_aMedicine Meets Virtual Reality 20 _h[electronic resource] : _bNextmed / MMVR20 / _cedited by James D. Westwood ... [et al.]. |
| 246 | 3 | _aMedicine Meets Virtual Reality twenty | |
| 260 |
_aAmsterdam ; _aWashington, DC : _bIOS Press, _c2013. |
||
| 300 |
_axxix, 488 p. : _bill. |
||
| 490 | 1 |
_aStudies in health technology and informatics, _x0926-9630 ; _vv. 184 |
|
| 500 | _aProceedings of the conference Medicine Meets Virtual Reality 20. | ||
| 504 | _aIncludes bibliographical references and index. | ||
| 533 |
_aElectronic reproduction. _bPalo Alto, Calif. : _cebrary, _d2013. _nAvailable via World Wide Web. _nAccess may be limited to ebrary affiliated libraries. |
||
| 650 | 0 |
_aComputer vision in medicine _vCongresses. |
|
| 650 | 0 |
_aVirtual reality in medicine _vCongresses. |
|
| 655 | 7 |
_aElectronic books. _2local |
|
| 700 | 1 | _aWestwood, James D. | |
| 710 | 2 | _aebrary, Inc. | |
| 830 | 0 |
_aStudies in health technology and informatics ; _vv. 184. |
|
| 856 | 4 | 0 |
_uhttp://site.ebrary.com/lib/rucke/Doc?id=10667651 _zAn electronic book accessible through the World Wide Web; click to view |
| 999 |
_c61390 _d61390 |
||